000
00314nam a2200133Ia 4500
008
191201s2007 xx 000 0 und d
082
_a
621.38
_b
DIF
100
_a
DISTEFANO, J
245
0
_a
Feedback and Control Systems
260
_a
N.Delhi
_b
TMH
_c
2007
300
_a
512
650
_a
B.Tech(IT)
942
_2
ddc
_c
BK
999
_c
2948
_d
2948